Đang tải...

Moby Dick

Chi tiết về thư mục
Tác giả chính: Melville Herman
Định dạng: Printed Book
Ngôn ngữ:English
Được phát hành: London : J M Dent & Sons Ltd,
Loạt:1975
Những chủ đề:
LEADER 005490000a22002050004500
005 20200217203111.0
060 |a 100 
245 |a Moby Dick 
260 |a London :  |b J M Dent & Sons Ltd, 
440 |a 1975 
300 |a 501 
100 |a Melville  |b Herman  |f Author 
650 |a Fiction - American literature 
041 |a eng 
050 |a 010 
022 |a F903  |c AV 
082 |a 813  |d MEL-M 
942 |c BK 
999 |c 272295  |d 272295 
952 |0 0  |1 0  |4 0  |6 813_000000000000000_MEL  |7 0  |9 289431  |a ENG  |b ENG  |d 2019-12-03  |l 0  |o 813 MEL  |p ENGF903  |r 2019-12-03  |w 2019-12-03  |y BK